000 00739nam a2200241Ia 4500
003 OSt
005 20220925213933.0
006 a|||||r|||| 00| 0
007 ta
008 220923b |||||||| |||| 00| 0 eng d
037 _cGeneral Book
040 _aRTL
_cRTL
_beng
041 _2eng
_aeng
082 _aX;191./\295.N60<--M95, L1
100 _aLee Teng Hui
_9279204
245 0 _aIntersectoral capital flows in the economic develo
260 _aLondon
_bCornell University Press
_c1960
300 _axx,197p
_ccm.
500 _aBibliography:; P 183-91; Appendices P 145-82
650 _aCapital Formation
942 _hX;191./\295.N60<--M95, L1
_cGB
_2CC
999 _c564044
_d564044